000
00334nam a2200133Ia 4500
008
240624s9999 xx 000 0 und d
041
_a
eng
082
_a
332.6457 ANS
100
_a
ANSON MARK J P
245
_a
CREDIT DERIVATIVES
260
_c
2003
_a
New Jersey
_b
John Wiley and Sons
300
_a
341 : p. : cm. ; 24
365
_c
_b
30
999
_c
11119
_d
11119